Statistics for terraria all solar eclipse enemies

Click here to take the quiz!

General Stats

  • This quiz has been taken 11 times
  • The average score is 8 of 15

Answer Stats

Answer% Correct
mothron
89%
swamp thing
89%
vampire
89%
baby mothron
67%
deadly sphere
67%
Nailhead
67%
the possessed
67%
psycho
56%
reaper
56%
butcher
44%
creature from the deep
44%
eyezor
44%
frankenstein
44%
Dr fly man
11%
fritz
11%

Score Distribution

Percentile by Number Answered

Percent of People with Each Score

Your Score History

You have not taken this quiz